<?xml version="1.0" encoding="UTF-8"?>
<collection xmlns="http://www.loc.gov/MARC21/slim">
 <record>
  <leader>01251cam a2200301 7i4500</leader>
  <controlfield tag="001">0000002328</controlfield>
  <controlfield tag="005">20150325090000.0</controlfield>
  <controlfield tag="003">  iicp-my</controlfield>
  <controlfield tag="005">  20021204212900.0</controlfield>
  <controlfield tag="008">000000                       00         </controlfield>
  <datafield tag="020" ind1=" " ind2=" ">
   <subfield code="a">1863733809 (pbk.) </subfield>
  </datafield>
  <datafield tag="039" ind1=" " ind2="9">
   <subfield code="y">200212042129</subfield>
   <subfield code="z">VLOAD</subfield>
  </datafield>
  <datafield tag="090" ind1="0" ind2="0">
   <subfield code="a">959.8 </subfield>
   <subfield code="b">202</subfield>
  </datafield>
  <datafield tag="090" ind1="0" ind2="0">
   <subfield code="a">959.82021 </subfield>
   <subfield code="b">RIC</subfield>
  </datafield>
  <datafield tag="100" ind1="1" ind2=" ">
   <subfield code="a">Ricklefs, M. C. </subfield>
   <subfield code="q">(Merle Calvin) </subfield>
  </datafield>
  <datafield tag="245" ind1="0" ind2="0">
   <subfield code="a">War, culture, and economy in Java, 1677-1726 : </subfield>
   <subfield code="b">Asian and European imperialism in the early Kartasura period  </subfield>
   <subfield code="c">M.C. Ricklefs..</subfield>
  </datafield>
  <datafield tag="260" ind1=" " ind2=" ">
   <subfield code="a">Sydney: </subfield>
   <subfield code="b">Asian Studies Association of Australia in association with Allen &amp; Unwin, </subfield>
   <subfield code="c">1993..</subfield>
  </datafield>
  <datafield tag="300" ind1=" " ind2=" ">
   <subfield code="a">xviii, 425 p.: </subfield>
   <subfield code="b">ill., maps; </subfield>
   <subfield code="c">22 cm..</subfield>
  </datafield>
  <datafield tag="490" ind1=" " ind2=" ">
   <subfield code="a">Southeast Asia publications series.</subfield>
  </datafield>
  <datafield tag="504" ind1=" " ind2=" ">
   <subfield code="a">Includes bibliographical references and index.</subfield>
  </datafield>
  <datafield tag="650" ind1=" " ind2="0">
   <subfield code="a">War -- </subfield>
   <subfield code="x">Economic aspects -- </subfield>
   <subfield code="z">Indonesia - Java. </subfield>
  </datafield>
  <datafield tag="651" ind1=" " ind2="0">
   <subfield code="a">Indonesia -- </subfield>
   <subfield code="x">Politics and government -- </subfield>
   <subfield code="y">1478-1798. </subfield>
  </datafield>
  <datafield tag="651" ind1=" " ind2="0">
   <subfield code="a">Indonesia -- </subfield>
   <subfield code="x">History -- </subfield>
   <subfield code="y">1478-1798. </subfield>
  </datafield>
  <datafield tag="651" ind1=" " ind2="0">
   <subfield code="a">Java (Indonesia) -- </subfield>
   <subfield code="x">Social conditions. </subfield>
  </datafield>
  <datafield tag="651" ind1=" " ind2="0">
   <subfield code="a">Java (Indonesia) -- </subfield>
   <subfield code="x">Economic conditions. </subfield>
  </datafield>
  <datafield tag="651" ind1=" " ind2="0">
   <subfield code="a">Java (Indonesia) -- </subfield>
   <subfield code="x">History. </subfield>
  </datafield>
  <datafield tag="710" ind1="0" ind2=" ">
   <subfield code="a">Asian Studies Association of Australia. </subfield>
  </datafield>
  <datafield tag="999" ind1=" " ind2=" ">
   <subfield code="a">1000005749</subfield>
   <subfield code="b">Book</subfield>
   <subfield code="c">White Spot</subfield>
  </datafield>
 </record>
</collection>
